000 00339nam a22001457a 4500
005 20231013195302.0
008 231013b |||||||| |||| 00| 0 eng d
082 _a006.7869
_bBAE-L
100 _aBaer,Marjorie
245 _aLingo
_bAuthorized
300 _a369
500 _aInclude Index
650 _aComputer
700 _aMarjorie Baer
999 _c33894
_d33894